LEADER 00847nam a2200205 i 4500 001 000000132155 003 CaOOAMICUS 005 20041202000000.0 008 041202s1923 it u000 u ita u 013 $a105098 040 $aSeMil$bita 100 1 $aMonsabré, Jacques Marie Louis,$d<1827-1907>.$0(OLS)http://semarc/name/837 245 12$aL'opera di Gesù Cristo :$bQuaresima 1881. 300 $a267 p. 500 $a[Contiene : Dalla conferenza 49 alla 54]. 773 0 $aMonsabré, Jacques Marie Louis <1827-1907>$tEsposizione del dogma cattolico.$dTorino ; Roma : Marietti, 1922-1929.$w()12571 850 $aSeMil 852 $aSeMil$W1$xVenegono$y1$m3F I 428/9$j86075$B86075$CSeMilBibl$Z2$F89837 $81 961 $aRecupero: Biblioteca Seminario Saronno 996 $6245$aL'opera di Gesù Cristo :$bQuaresima 1881$9(OLS)http://semarc/title/194191 LEADER 01021nam a2200217 i 4500 001 000000029876 003 CaOOAMICUS 005 20190530134809.0 008 180830s1998 it u000 u ita u 040 $aSeMil$bita 100 1 $aFausti, Silvano,$c.$0(OLS)http://semarc/name/3825 245 14$aUna comunità legge il Vangelo di Matteo /$cSilvano Fausti. 260 $aBologna :$bEDB,$c1998-1999- 300 $a2 v. (VII, 580 p.) ;$c24 cm. 650 4$aBibbia. Nuovo Testamento. Vangelo secondo Matteo - Commentari, studi, critica, interpretazioni.$0(OLS)http://semarc/subject/32 774 0 $t2.$kLettura pastorale della Bibbia $z88-10-20151-5$g2$w()99995 774 0 $t1.$kLettura pastorale della Bibbia $z88-10-20594-4$g1$w()229635 830 0$aLettura pastorale della Bibbia .$0(OLS)http://semarc/title/557 996 $6245$aUna comunità legge il Vangelo di Matteo$9(OLS)http://semarc/title/40638 996 $6260$aBologna :$bEDB$9(OLS)http://semarc/publisher/29669